Sports Quiz

Random Sports or Hockey Quiz
Score 0/144 Timer 12:00
11 Plays Today
Year Player % Correct
2005Sidney Crosby (1,263)
90.9%
2004Alex Ovechkin (1,278)
88.7%
2015Connor McDavid (469)
87.6%
2016Auston Matthews (285)
85.6%
2004Evgeni Malkin (1,076)
83.2%
2007Patrick Kane (1,022)
82.7%
2009Evander Kane (457)
82.5%
2016Patrik Laine (247)
81.4%
2019Jack Hughes (21)
81.1%
2018Quinn Hughes (56)
81%
2015Jack Eichel (337)
79.8%
2018Brady Tkachuk (89)
79.1%
2008Steven Stamkos (832)
78.6%
2010Taylor Hall (563)
76.2%
2019Kaapo Kakko (23)
76.2%
2002Rick Nash (805)
76%
2006Jonathan Toews (815)
75.8%
2009John Tavares (769)
75.1%
1997Joe Thornton (1,509)
74.6%
2003Eric Staal (1,021)
74.2%
2015Mitchell Marner (291)
73.8%
2013Nathan MacKinnon (495)
73.5%
2017Nico Hischier (135)
73.4%
2018Rasmus Dahlin (84)
73.2%
2006Brad Marchand (646)
72.8%
2017Elias Pettersson (132)
71.9%
1999Daniel Sedin (1,041)
71.7%
1999Henrik Sedin (1,070)
71.7%
2011Ryan Nugent-Hopkins (443)
71.1%
2011John Gaudreau (445)
70.5%
2010Tyler Seguin (635)
70.5%
2001Ilya Kovalchuk (876)
70.4%
2003Corey Perry (797)
70.2%
2003Ryan Getzlaf (965)
69.4%
2016Matthew Tkachuk (235)
68.9%
2015Mikko Rantanen (250)
68.2%
2014Dylan Larkin (266)
67.8%
2005Anze Kopitar (950)
67.8%
2018Andrei Svechnikov (98)
67%
1998Vincent Lecavalier (949)
66.4%
1999Henrik Zetterberg (960)
66.1%
2006Nicklas Backstrom (927)
65.7%
1994Daniel Alfredsson (1,157)
65.4%
2016Pierre-Luc Dubois/Clayton Keller (158)
64.9%
2015Sebastian Aho (263)
64.8%
2016Alexander Debrincat (173)
64.4%
2014Brayden Point (262)
63.9%
2003Patrice Bergeron (869)
63.5%
Year Player % Correct
1998Pavel Datsyuk (918)
63.4%
2000Dany Heatley (791)
63.3%
2014Leon Draisaitl (422)
62.6%
2017Nolan Patrick (61)
62.4%
1997Patrick Marleau (1,188)
62.4%
2014David Pastrnak (379)
61.7%
2001Jason Spezza (940)
61.6%
2019Kirby Dach (23)
60.3%
2011Gabriel Landeskog (460)
60%
1991Peter Forsberg (885)
59.3%
2003Zach Parise/Joe Pavelski (792)
58.8%
2017Miro Heiskanen (68)
58.8%
2006Claude Giroux (815)
57.9%
1991Eric Lindros (865)
57.8%
2009Matt Duchene (589)
55.7%
2018Jesperi Kotkaniemi (42)
55.5%
2007Jamie Benn (688)
55.4%
2013Aleksander Barkov (407)
55.2%
2010Jeff Skinner (465)
54.7%
2000Marian Gaborik (815)
53.8%
2013Bo Horvat (275)
53.6%
1998Brad Richards (932)
53.5%
2012Filip Forsberg (353)
53.1%
2008Drew Doughty (502)
52.6%
1995Jarome Iginla (1,300)
52.3%
2013Sean Monahan (411)
52.3%
1997Marian Hossa (1,134)
50.7%
2008Erik Karlsson (603)
50.6%
1994Patrik Elias (1,025)
50.3%
2006Phil Kessel (861)
50%
1993Paul Kariya (989)
49.6%
2008Jordan Eberle (518)
48%
1995Shane Doan (972)
48%
1993Saku Koivu (832)
47.3%
2012Alex Galchenyuk (320)
45.8%
2011Nikita Kucherov (547)
45.7%
2017Robert Thomas (75)
43%
1992Alexei Yashin (781)
40.3%
2002Alexander Semin (517)
40.3%
2011Mark Scheifele (444)
39.6%
2014Nikolaj Ehlers (257)
39%
1994Milan Hejduk (805)
38.6%
2004Blake Wheeler (761)
37.2%
2001Mikko Koivu (709)
37%
1994Ryan Smyth (842)
36.8%
2012Morgan Rielly (270)
34.3%
2005Paul Stastny (726)
34.1%
2009Ryan O'Reilly (560)
34%
Year Player % Correct
2004David Krejci (686)
33.6%
2009Victor Hedman (473)
32.9%
2012Tomas Hertl (280)
32.9%
2019Ville Heinola (5)
32.7%
1991Alex Kovalev (1,029)
32.5%
2012Teuvo Teravainen (289)
32.1%
2010Vladimir Tarasenko (428)
31.7%
1996Danny Briere (696)
31.7%
2010Ryan Johansen (442)
31.5%
2001Jason Pominville (727)
30%
2013Elias Lindholm (320)
29.1%
2007Max Pacioretty (554)
27.7%
1998Mike Ribeiro (793)
27.1%
1998Alex Tanguay (863)
26.5%
2007Jakub Voracek (695)
26.4%
2005T.J. Oshie (567)
25.3%
1991Markus Naslund (869)
24.6%
2001Mike Cammalleri (642)
24.6%
1993Jason Arnott (938)
24.2%
1992Roman Hamrlik (638)
23.7%
1999Martin Havlat (594)
22.9%
1991Ray Whitney (1,064)
22.4%
1995Marc Savard (706)
22%
1997Olli Jokinen (750)
21.3%
2000Justin Williams (797)
21.3%
2002Duncan Keith (610)
21.1%
1996Zdeno Chara (656)
20.8%
2007David Perron (550)
20%
2000Scott Hartnell (707)
19.8%
1999Radim Vrbata (623)
19.1%
1997Brenden Morrow (575)
18.6%
1995Petr Sykora (721)
17.4%
2008Derek Stepan (479)
17.1%
2002Alex Steen (622)
17%
1993Todd Bertuzzi (770)
17%
1996Tomas Kaberle (563)
16.8%
1992Sergei Gonchar (811)
16.5%
2005Keith Yandle (573)
16.5%
1992Martin Straka (717)
14.8%
2004Andrew Ladd (538)
13.8%
1993Pavol Demitra (768)
13.1%
1994Steve Sullivan (747)
12.1%
1992Cory Stillman (727)
8.2%
1995Daymond Langkow (672)
8.1%
2002Valtteri Filppula (515)
7.5%
1996Dainius Zubrus (591)
6.6%
1996Matt Cullen (731)
6.4%
2000Antoine Vermette (515)
6.1%
Remove Ads.
Support Sporcle.
Get the best of Sporcle when you Go Orange. This ad-free experience offers more features, more stats, and more fun while also helping to support Sporcle. Thank you for becoming a member.

You're not logged in!

Compare scores with friends on all Sporcle quizzes.
OR
Log In

Show Comments

Extras

Top Quizzes Today


Score Distribution

Your Account Isn't Verified!

In order to create a playlist on Sporcle, you need to verify the email address you used during registration. Go to your Sporcle Settings to finish the process.

Report this User

Report this user for behavior that violates our Community Guidelines.

Details: